00460nam a2200145Ia 4500008004100000020001800041100002600059245004400085260001800129500002400147650003500171942000700206952008400213999001700297230524s9999 xx 000 0 und d a9788128832772 aJoginder Singh936611 0aBig Boss: A story of Every Professional bDiamond Books aQuantity Number: 1 aPersonality Development936612 cBK 00104070aTATCLbTATCLcGENd2023-05-24l0p44968r2023-05-24w2023-05-24yBK c50664d50664